000 00662nam a22001217a 4500
008 110610t xxu||||| |||| 00| 0 eng d
010 _aSCCAF20
245 _aSupreme Court Criminal Appeal No. 22 OF 2004 Oryem Richard Vs Uganda
260 _c2004
500 _aCoram: Tsekooko, Katureebe, Okello, Tumwesigye and Kisaakye, JJ.SC.
500 _aAn Appeal from the judgement and Orders of the Court of Appeal Mpagi-Bahigeine, Kitumba and Byamugisha, JJ.A, dated 14th October 2004, at Kampala in Criminal Appeal No. 61 of 2001 from High Court Civil Suit No. 64 of 1992
999 _c2643
_d2643